000 00515nam a2200181Ia 4500
008 090124s9999 xx 000 0 und d
082 _b36956
100 _aपठाण यू. म.
245 _a रेशीम बंध
250 _a1
260 _bपद्मगंधा प्रकाशन
_c2000
300 _a128
600 _aपठाण यू. म.
630 _a रेशीम बंध
700 _aपठाण यू. म.
730 _a रेशीम बंध
942 _cBOOK
999 _c102935
_d102935